00796nam a2200193 i 450000100060000000300090000600500170001500700030003200800410003510000470007624501440012326000450026730000220031261000770033465000280041185200210043999900170046095201250047729134ES-MaACL20251014063059.0t|030121s1873 fr ||||1| fre d1 aBarbet de Jouy, Henry, d1812-1896912580110aMusée National du Louvre b: description des sculptures moyen-âge et de la renaissance et des temps modernes / cHenry Barbet de Jouy. aParís : bCharles de Maurgres, c1873. a204 p. ; c18 cm.24aMusée du Louvre. bDépartement des sculptures-vCatálogos.915819107aEscultura2embne912417 aES-MaACLjD-1810 c29134d29134 001040708LIBXIXaATENEOMbATENEOMcSVId2008-01-17eSCl0oD-1810p901030077r2023-02-23 00:00:00w2023-02-23yMONANT